<?xml version="1.0" encoding="UTF-8"?><?xml-stylesheet type="text/xsl" href="static/style.xsl"?><OAI-PMH xmlns="http://www.openarchives.org/OAI/2.0/" xmlns:xsi="http://www.w3.org/2001/XMLSchema-instance" xsi:schemaLocation="http://www.openarchives.org/OAI/2.0/ http://www.openarchives.org/OAI/2.0/OAI-PMH.xsd"><responseDate>2026-06-06T19:30:36Z</responseDate><request verb="GetRecord" identifier="oai:riuma.uma.es:10630/13237" metadataPrefix="marc">https://riuma.uma.es/rest/oai/request</request><GetRecord><record><header><identifier>oai:riuma.uma.es:10630/13237</identifier><datestamp>2026-02-03T10:24:25Z</datestamp><setSpec>com_10630_1685</setSpec><setSpec>col_10630_38055</setSpec></header><metadata><record xmlns="http://www.loc.gov/MARC21/slim" xmlns:dcterms="http://purl.org/dc/terms/" xmlns:doc="http://www.lyncode.com/xoai" xmlns:xsi="http://www.w3.org/2001/XMLSchema-instance" xsi:schemaLocation="http://www.loc.gov/MARC21/slim http://www.loc.gov/standards/marcxml/schema/MARC21slim.xsd">
   <leader>00925njm 22002777a 4500</leader>
   <datafield ind2=" " ind1=" " tag="042">
      <subfield code="a">dc</subfield>
   </datafield>
   <datafield ind2=" " ind1=" " tag="720">
      <subfield code="a">De Los Riscos Fariñas, Jaime</subfield>
      <subfield code="e">author</subfield>
   </datafield>
   <datafield ind2=" " ind1=" " tag="260">
      <subfield code="c">2017-03-09</subfield>
   </datafield>
   <datafield ind2=" " ind1=" " tag="520">
      <subfield code="a">Partiendo de dos referencias, la cultura del flamenco, amarrada al territorio y la cultura digital, en la que la experiencia de vida se halla desterritorializada, este proyecto ahonda en la fricción que tal encuentro produce.&#xd;
Poner en valor las diferentes formas de comunicación con nuestro entorno y realidad, desde lo gestual, emocional y experimental frente al flujo de datos inestables, las imágenes incesantes y la ubicuidad de la acción de la realidad digital a la que nos exponemos.&#xd;
Esta confrontación, que pretendo que tenga un carácter metonímico, señala cómo en el momento&#xd;
actual de la cultura conviven realidades pertenecientes a una tradición romántica, en la que el cuerpo, el tiempo y el espacio poseen unas características que se están viendo alteradas por una experiencia cotidiana virtualizada, fragmentada.&#xd;
Con la idea de hacer visible la fricción que apunto, este proyecto recurre a la producción de objetos multimedia y a videoinstalaciones. La linealidad documental de grabaciones de entrevistas y representaciones flamencas en estas instalaciones se ve sometida a una fragmentación que pone de manifiesto la experiencia distópica a la que hemos sido abocados bajo una experiencia de vida cada&#xd;
vez más condicionada por el hecho tecnológico.</subfield>
   </datafield>
   <datafield ind1="8" ind2=" " tag="024">
      <subfield code="a">http://hdl.handle.net/10630/13237</subfield>
   </datafield>
   <datafield tag="653" ind2=" " ind1=" ">
      <subfield code="a">Grado en Bellas Artes - Trabajos Fin de Grado</subfield>
   </datafield>
   <datafield tag="653" ind2=" " ind1=" ">
      <subfield code="a">Bellas Artes - Trabajos Fin de Grado</subfield>
   </datafield>
   <datafield tag="653" ind2=" " ind1=" ">
      <subfield code="a">Video</subfield>
   </datafield>
   <datafield ind2="0" ind1="0" tag="245">
      <subfield code="a">La confrontación del entorno digital con el romanticismo flamenco</subfield>
   </datafield>
</record>
</metadata></record></GetRecord></OAI-PMH>